Sidney Lumet Filmography - Statistics

General Stats
  • This quiz has been taken 23 times
  • The average score is 50 of 117
Answer Stats
Type Year Name % Correct
Film Director 1957 12 Angry Men
94%
Film Director 1975 Dog Day Afternoon
81%
Film Director 1976 Network
81%
Film Director 2007 Before the Devil Knows You're Dead
69%
Film Director 1982 The Verdict
69%
Film Director 1978 The Wiz
69%
Film Director 1964 Fail Safe
63%
Film Director 1974 Murder on the Orient Express
63%
Film Director 1981 Prince of the City
63%
Film Screenplay 1981 Prince of the City
63%
Film Director 2006 Find Me Guilty
56%
Film Screenplay 2006 Find Me Guilty
56%
Film Director 1999 Gloria
56%
Documentary Director 1969 King: A Filmed Record... Montgomery to Memphis
56%
Film Director 1962 Long Day's Journey Into Night
56%
Film Director 1988 Running on Empty
56%
Film Director 1973 Serpico
56%
Film Director 1958 Stage Struck
56%
Film Director 1959 That Kind of Woman
56%
Film Director 1965 The Hill
56%
Film Director 1964 The Pawnbroker
56%
TV Film Director 1958 All the King's Men
50%
Film Director 1992 A Stranger Among Us
50%
Film Director 1962 A View from the Bridge
50%
Film Director 1968 Bye Bye Braverman
50%
Film Production 1968 Bye Bye Braverman
50%
Film Director 1972 Child's Play
50%
Film Director 1997 Critical Care
50%
Film Production 1997 Critical Care
50%
Film Director 1983 Daniel
50%
Film Production 1983 Daniel
50%
Film Director 1982 Deathtrap
50%
Film Director 1977 Equus
50%
Film Director 1989 Family Business
50%
Film Director 1984 Garbo Talks
50%
Film Director 1993 Guilty as Sin
50%
Film Director 1980 Just Tell Me What You Want
50%
Film Production 1980 Just Tell Me What You Want
50%
Film Director 1974 Lovin' Molly
50%
TV Special 1957 Mr. Broadway
50%
Film Director 1996 Night Falls on Manhattan
50%
Film Screenplay 1996 Night Falls on Manhattan
50%
Film Director 1986 Power
50%
Film Director 1990 Q&A
50%
Film Screenplay 1990 Q&A
50%
TV Film Director 2004 Strip Search
50%
Film Director 1971 The Anderson Tapes
50%
Film Director 1969 The Appointment
50%
TV Pilot Director 1955 The Challenge
50%
Film Director 1967 The Deadly Affair
50%
Film Production 1967 The Deadly Affair
50%
Film Director 1960 The Fugitive Kind
50%
Film Director 1966 The Group
50%
TV Film Director 1960 The Iceman Cometh
50%
Film Director 1970 The Last of the Mobile Hot Shots
50%
Film Production 1970 The Last of the Mobile Hot Shots
50%
Film Cameo 2004 The Manchurian Candidate
50%
Film Director 1986 The Morning After
50%
Film Director 1973 The Offence
50%
Film Director 1968 The Sea Gull
50%
Film Production 1968 The Sea Gull
50%
TV Film Director 1958 Hans Brinker and the Silver Skates
44%
TV Film Director 1960 John Brown's Raid
44%
Film Acting Role 1939 ...One Third of a Nation...
44%
TV Show Director 2001-2002 100 Centre Street
38%
TV Show Writer 2001-2002 100 Centre Street
38%
TV Show Production 2001-2002 100 Centre Street
38%
Stage Director 1960 Caligula
38%
TV Show Director 1952 CBS Television Workshop
38%
TV Show Director 1951, 1952 Crime Photographer
38%
TV Show Director 1951-1953 Danger
38%
TV Show Acting Role 1952 Danger
38%
TV Show Director 1955 Frontier
38%
TV Show Director 1955, 1956 Goodyear Playhouse
38%
TV Show Director 1958 Kraft Theatre
38%
TV Show Director 1954 Mama
38%
Stage Director 1956 Night of the Auk
38%
Stage Director 1962 Nowhere to Go But Up
38%
TV Show Director 1954, 1957 Omnibus
38%
TV Show Director 1960 Playhouse 90
38%
TV Show Director 1960 Play of the Week
38%
TV Show Director 1957 Producers' Showcase
38%
TV Show Director 1955 Star Stage
38%
TV Show Director 1957 Studio One
38%
TV Show Director 1960 Sunday Showcase
38%
TV Show Director 1956 The Alcoa Hour
38%
TV Show Director 1954, 1955 The Best of Broadway
38%
TV Show Director 1957, 1958 The DuPont Show of the Month
38%
TV Show Director 1955 The Elgin Hour
38%
TV Show Director 1957 The Seven Lively Arts
38%
TV Show Director 1955, 1959 The United States Steel Hour
38%
TV Show Director 1953-1955 You Are There
38%
Stage Acting Role 1941-1942 Brooklyn, U.S.A.
31%
Stage Acting Role 1939 Christmas Eve
31%
Stage Acting Role 1935-1937 Dead End
31%
Stage Acting Role 1940 Journey to Jerusalem
31%
Film Acting Role 1941 Journey to Jerusalem
31%
Stage Acting Role 1940 Morning Star
31%
Stage Acting Role 1939 My Heart's in the Highlands
31%
Short Film Director 2004 Rachel, quand du seigneur
31%
Stage Acting Role 1938 Schoolhouse on the Lot
31%
Stage Acting Role 1948 Seeds in the Wind
31%
Stage Acting Role 1938 Sunup to Sundown
31%
Stage Acting Role 1937 The Eternal Road
31%
Documentary Series Appearance 2003, 2006, 2008, 2017 American Masters
19%
Documentary Appearance 2015 By Sidney Lumet
19%
Documentary Series Appearance 1999, 2003 Biography
13%
Short Documentary Appearance 1975 Lumet: Film Maker
13%
TV Special 1985 Moving Image Salutes Sidney Lumet
13%
TV Documentary Appearance 1987 Sidney Lumet: I Love New York
13%
TV Special 1985 The Annual ACLU Tribute: A Salute to Sidney Lumet
13%
Documentary Series Appearance 2022 The Last Movie Stars
13%
Documentary Series Appearance 1990 This Is Your Life
13%
TV Show Acting Role 1962 Camera Three
6%
Short Film Acting Role 1936 Papirossen
6%
Stage Acting Role 1946 A Flag Is Born
0%
Stage Director 1996 The Shawl
0%
No matching quizzes found
Score Distribution
Percent of People with Each Score
Percentile by Number Answered
Your Score History
You have not taken this quiz